Empleo pb︢lico, derecho a una buena administracin̤ e integridad

Detalles Bibliográficos
Autor principal: Ponce Sol,̌ Juli
Formato: eBook
Lenguaje:español
Publicado: Madrid: Instituto Nacional de Administracin̤ Pb︢lica (INAP), 2018
Materias:
Acceso en línea:Acceso restringido

MARC

LEADER 00000nam a22000007a 4500
005 20190410132729.0
007 cr|||| ||||
008 190410s2018 es |||||s|||| 00||0 spa d
020 |a 978-84-7351-646-4 
035 |a 23117 
040 |a vLex 
090 |c 8584  |d 8584 
100 |a Ponce Sol,̌ Juli 
245 1 0 |a Empleo pb︢lico, derecho a una buena administracin̤ e integridad  |h [Recurso electrn̤ico] /  |c Juli Ponce Soľ 
256 |a Servicio en ln̕ea 
260 |a Madrid:  |b Instituto Nacional de Administracin̤ Pb︢lica (INAP),  |c 2018 
300 |a 1 recurso electrn̤ico 
506 1 |a Disponible solo en los productos indicados  |d vLex Global  |d vLex Global (Academic Edition, excluding Law Schools)  |d vLex Global (U.S. Academic Edition, Law Schools)  |d vLex Global (U.S. Academic Edition, excluding Law Schools)  |d vLex Global (Academic Edition, Law Schools) 
650 0 4 |a Derecho Laboral y Seguridad Social  |z Espaą 
650 0 4 |a Derecho Pb︢lico y Administrativo  |z Espaą 
740 0 |a vLex Libros (Servicio en ln̕ea) 
856 4 0 |u http://vlex.com/source/empleo-publico-derecho-a-una-buena-administracion-e-integridad-23117  |z Acceso restringido 
942 |c BOOK 
999 0 |a Labor Law and Social Security 
999 0 |a Public and Administrative Law